[Event "POL-chT9 B5 corr"]
[Site "Poland"]
[Date "1992.??.??"]
[Round "?"]
[White "Bieniek, Przemyslaw"]
[Black "Tupalski, Jan"]
[Result "1-0"]
[WhiteElo "2030"]
[BlackElo "2200"]
[PlyCount "69"]
[EventDate "1992.??.??"]
[EventType "tourn (corr)"]
[EventRounds "11"]
[EventCountry "POL"]
[SourceTitle "Corr 2000"]
[Source "ChessBase"]
[SourceDate "2000.04.19"]
[SourceVersion "1"]
[SourceVersionDate "2000.04.19"]
[SourceQuality "1"]

1. d4 Nf6 2. c4 e6 3. g3 d5 4. Bg2 Be7 5. Nf3 0-0 6. 0-0 Nbd7 7. Qc2 c6 8. Nbd2 b6 9. e4 Bb7 10. Rd1 Rc8 11. b3 dxe4 12. Nxe4 Nxe4 13. Qxe4 Nf6 14. Qe2 Qc7 15. Ne5 Nd7 16. Ng4 Nf6 17. Ne3 Rfd8 18. Bb2 Rd7 19. Rd2 Rcd8 20. Rad1 Bb4 21. Rd3 Be7 22. f4 Ba6 23. f5 exf5 24. Nxf5 g6 25. Nxe7+ Rxe7 26. Qf2 Ne4 27. Bxe4 Rxe4 28. d5 f5 29. d6 Qf7 30. Qd2 Kf8 31. d7 Re6 32. Rd6 f4 33. Qd4 Rxd6 34. Qxd6+ Kg8 35. Qf6 1-0

[Event "POL-chT9 B5 corr"]
[Site "Poland"]
[Date "1992.??.??"]
[Round "?"]
[White "Probola, Ryszard"]
[Black "Bieniek, Przemyslaw"]
[Result "1/2-1/2"]
[WhiteElo "2225"]
[BlackElo "2030"]
[PlyCount "71"]
[EventDate "1992.??.??"]
[EventType "tourn (corr)"]
[EventRounds "11"]
[EventCountry "POL"]
[SourceTitle "Corr 2000"]
[Source "ChessBase"]
[SourceDate "2000.04.19"]
[SourceVersion "1"]
[SourceVersionDate "2000.04.19"]
[SourceQuality "1"]

1. e4 c5 2. Nf3 e6 3. d4 cxd4 4. Nxd4 Nc6 5. Nb5 d6 6. Bf4 e5 7. Be3 a6 8. N5c3 Nf6 9. Na3 b5 10. Nd5 Rb8 11. g3 Nxe4 12. Bg2 Nc5 13. Qe2 Nd7 14. 0-0-0 Bb7 15. f4 Be7 16. Rhe1 0-0 17. Qd2 Re8 18. Nxe7+ Nxe7 19. Bxb7 Rxb7 20. Qxd6 Qa8 21. Bf2 Nc8 22. Qc6 Ne7 23. Qf3 exf4 24. gxf4 Nf8 25. f5 Rc7 26. Qg4 Qc8 27. Bd4 g6 28. Qg3 Nd5 29. fxg6 hxg6 30. Re5 Nf6 31. Rxe8 Nxe8 32. Qe5 f6 33. Qd5+ Qe6 34. Bc3 Qxd5 35. Rxd5 Ne6 36. Be1 1/2-1/2

[Event "POL-chT9 B5 corr"]
[Site "Poland"]
[Date "1992.??.??"]
[Round "?"]
[White "Wisniewski, Michal"]
[Black "Bieniek, Przemyslaw"]
[Result "1/2-1/2"]
[WhiteElo "2000"]
[BlackElo "2030"]
[PlyCount "80"]
[EventDate "1992.??.??"]
[EventType "tourn (corr)"]
[EventRounds "11"]
[EventCountry "POL"]
[SourceTitle "Corr 2000"]
[Source "ChessBase"]
[SourceDate "2000.04.19"]
[SourceVersion "1"]
[SourceVersionDate "2000.04.19"]
[SourceQuality "1"]

1. Nf3 Nf6 2. d4 e6 3. c4 b6 4. a3 Bb7 5. Nc3 d5 6. cxd5 Nxd5 7. Qc2 Be7 8. Bd2 0-0 9. e4 Nxc3 10. Bxc3 c5 11. dxc5 Bxc5 12. Bd3 Nd7 13. Rd1 Qc8 14. b4 Be7 15. Qb2 Bf6 16. Rc1 Bxc3+ 17. Rxc3 Qb8 18. 0-0 Ne5 19. Nxe5 Qxe5 20. Rfc1 Rfd8 21. Qe2 g6 22. f3 Rac8 23. Rxc8 Rxc8 24. Rxc8+ Bxc8 25. Qc2 Qd4+ 26. Kf1 Bd7 27. Be2 Qe5 28. Qd3 Ba4 29. g3 Qb2 30. f4 Kg7 31. e5 Qc1+ 32. Kg2 Bc6+ 33. Bf3 Qb2+ 34. Kh3 Bxf3 35. Qxf3 a5 36. bxa5 bxa5 37. Qd3 h6 38. Qd6 Qe2 39. Qd8 Qf1+ 40. Kg4 Qe2+ 1/2-1/2